Effects of Fine Aggregate Replacement For the Degree of Bachelor of Civil Engineering (Record no. 58456)

MARC details
000 -LEADER
fixed length control field 00423nam a2200157Ia 4500
100 ## - MAIN ENTRY--AUTHOR NAME
Personal name 14CE10
100 ## - MAIN ENTRY--AUTHOR NAME
Personal name yasir Khan
245 #0 - TITLE STATEMENT
Title Effects of Fine Aggregate Replacement For the Degree of Bachelor of Civil Engineering
260 ## - PUBLICATION, DISTRIBUTION, ETC. (IMPRINT)
Place of publication Nawabshah
260 ## - PUBLICATION, DISTRIBUTION, ETC. (IMPRINT)
Name of publisher QUEST
260 ## - PUBLICATION, DISTRIBUTION, ETC. (IMPRINT)
Year of publication 2014
300 ## - PHYSICAL DESCRIPTION
Number of Pages 48
700 ## - ADDED ENTRY--PERSONAL NAME
Personal name Department Of Civil Engineering
Holdings
Withdrawn status Lost status Home library Current library Date acquired Accession Number Koha item type
    Central Library, QUEST, Nawabshah Research Section 23/04/2018 CEP/52-631 Thesis and Dissertation